000 00574cam a22001938c 4500
005 20260416180334.0
020 _a9781394304059
041 _aENG
082 0 0 _a650.1
_bKAR
100 1 _aKarra Sillaman, Neri,
245 1 0 _aPioneers :
_b8 principles of business longevity from immigrant entrepreneurs /
_cNeri Karra Sillaman.
260 _aUnited State :
_bJohn Wiley ,
_c2025.
300 _axiv, 238 pages ;
_c24 cm.
504 _aIncludes index.
650 0 _aSuccess in business
650 0 _aEntrepreneurship
650 0 _aNew business enterprises
942 _2ddc
_cBK
999 _c24315
_d24315